000 01220nam a22002297a 4500
999 _c6626
_d6626
003 AR-CdUCM
008 190318b ||||| |||| 00| 0 spa d
020 _a84-85701-09-7
040 _aMUNICIPALIDAD PROVINCIAL DEL CUSCO
_cBIBLIOTECA MUNICIPAL DEL CUSCO
082 _a617 /
_bOL48
100 _aOliver, Alfonso
_918639
245 _aMedicina practica /
_bCirugía practica :
260 _aMadrid :
_bEditorial Legasa,
300 _a4 Tomos ;
_bIlustraciones en color,
_c27 cm.
505 _aContenido: t.1: La inflamación -- El absceso -- Infecciones quirúrgicas de la piel -- Ulceras de decubito -- La sepsis -- t.2: Principios de cirugía operatoria -- Cuidados generales pre operatorios -- Anestesia general -- Anestesia loco regional -- Cuidados generales postoperatorios -- t.3: Abdomen agudo -- Obstrucción intestinal -- Evisceración -- Nutrición parenteral -- Nomenclatura quirúrgica -- t.4: Cirugía gástrica -- Fistula del intestino delgado -- Cirugía del colon -- Cirugía ano rectal -- Cirugía hepatobiliar...
650 _aMedicina humana
_918640
650 _aCirugia
_918641
650 _aMedicina practica
_918642
650 _aCuerpo humano
_918643
942 _2ddc
_cLIBROS
945 _awnts